000 00838nam a22002651 4500
001 26357
003 BD-RjUL
005 20211209051015.0
008 140322s1962 nyub b 001 0 eng d
035 _a(BD-RjUL)26427
035 _a(OCoLC)404763
040 _aDLC
_cODaWU
_dOCoLC
_dDLC
_dBD-RjUL
_beng
041 _aeng
082 0 0 _a946.081
_bPAC 1962
100 1 _aPayne, Robert,
_d1911-1983.
_910149
245 1 4 _aThe Civil War in Spain, 1936-1939 /
_cGathered and annotated by Robert Payne.
260 _aNew York :
_bPutnam,
_c1962.
300 _a342 p. :
_bmaps;
_c22 cm.
490 0 _aHistory in the making series
504 _aIncludes bibliographical references and index.
651 0 _aSpain
_xHistory
_yCivil War, 1936-1939
_xPersonal narratives.
_981051
942 _2ddc
_cBK
999 _c26357
_d26357